Jubilee Line Stations - Statistics

General Stats
  • This quiz has been taken 17 times
  • The average score is 15 of 27
Answer Stats
Answer % Correct
Stratford Station
93%
Canning Town Station
80%
West Ham Station
80%
Canary Wharf Station
73%
North Greenwich Station
73%
Baker Street Station
67%
Canada Water Station
67%
Waterloo Station
67%
Bermondsey Station
60%
Green Park Station
60%
London Bridge Station
60%
Westminster Station
60%
Bond Street Station
53%
Finchley Road Station
53%
Southwark Station
53%
Stanmore Station
53%
Swiss Cottage Station
53%
Wembley Park Station
53%
West Hampstead Station
53%
Kingsbury Station
47%
Neasden Station
47%
Queensbury Station
47%
St. John's Wood Station
47%
Canons Park Station
40%
Willesden Green Station
40%
Kilburn Station
33%
Dollis Hill Station
27%
No matching quizzes found
Score Distribution
Percent of People with Each Score
Percentile by Number Answered
Your Score History
You have not taken this quiz